| 000 | 00628nam a2200145 a 4500 | ||
|---|---|---|---|
| 008 | 090604s2008 ||||||||||||||||| || u | ||
| 050 | _aOFID(05) | ||
| 110 | _aOPEC Fund For International Development (OFID) | ||
| 245 | 1 | 0 | _aOFID Newsletter |
| 260 |
_aVienna _bThe opec fund for internationl development _c2008 |
||
| 300 | _a36p. ;ill | ||
| 350 | _a0.00 | ||
| 650 | _aOPEC FUND FOR INTERNATIONAL DEVEOPMENT--PERODICALS, ECOMOMIC ASSISTANCE--DEVELOPING COUNTRIES | ||
| 995 |
_D0.00 _FCBU-MAIN LIBRARY (Kitwe) _H1 _I0.00 _M1 _UAVAILABLE _WJun 5, 2009 _ZInternational Publications |
||
| 999 |
_c52543 _d52543 |
||